| 000 | 01156cad a22002415a 4500 | ||
|---|---|---|---|
| 001 | E150449 | ||
| 008 | 100715s2010 xxk 000 0 eng u | ||
| 035 | _a(Sirsi) u150449 | ||
| 041 | _aeng | ||
| 050 | _a690.241 $2 18 | ||
| 110 |
_aEnglish Heritage _92714 |
||
| 245 |
_aFlooding and historic buildings _h[electronic resource] |
||
| 250 | _a2nd ed. | ||
| 260 |
_aLondon _bEnglish Heritage _c2010 |
||
| 490 | _aEnglish Heritage Technical Advice Note | ||
| 520 | _aProvides guidance for householders and small businesses on how to deal with floods in historic buildings. Looks at establishing flood risk, preparing for a flood, dealing with a flood, and minimising the damage after a flood. Covers issues such as insurance and monitoring long-term effects. Includes sources of further information. | ||
| 520 | _aSupersedes the first edition (J126004). | ||
| 590 | _aKA | ||
| 651 | 4 |
_aEngland _y886- |
|
| 690 | _aBUILT ENVIRONMENT-BUILDING MAINTENANCE AND REFURBISHMENT-BUILDING CONSERVATION | ||
| 856 | 4 | 0 |
_uhttps://www.helm.org.uk/upload/pdf/Acc_Flooding_Guidance.pdf?1275994624 _zView the guidance free of charge at www.helm.org.uk |
| 942 | _n0 | ||
| 999 |
_c110875 _d110875 |
||